00802 2200181 4500245004000000020001800040250001100058100001800069700002100087650001700108005001900125260004200144041001400186084001100200300002300211500037700234336000900611 aAfter TunangancAgnes JessicahText a9786020636917 aCet. 1 aAgnes Jessica aDonna Widjajanto aNovel Remaja a20250106090550 aJakartabGramedia Pustaka Utamac2020 aIndonesia a808.83 a288 hlm. :c20 cm. aTere dan Opan mungkin bertunangan, tetapi tidak berarti hubungan mereka mulus-mulus saja. Seiring berjalannya waktu, Tere merasa mereka terlalu bertolak belakang. Semuanya semakin runyam setelah kedatangan Vivi, salah satu sahabat Opan yang ternyata juga mantan pacarnya! Vivi terang-terangan berusaha merebut Opan hingga Tere sakit hati dan memutuskan pertunangan mereka. atext